The Vietnam war in literature: An annotated bibliography of criticism

Wedi'i Gadw mewn:
Manylion Llyfryddiaeth
Prif Awdur: Philip K Jason
Fformat: Llyfr
Iaith:Undetermined
Cyhoeddwyd: Pasadena, California Salem Press 1992
Pynciau:
Tagiau: Ychwanegu Tag
Dim Tagiau, Byddwch y cyntaf i dagio'r cofnod hwn!
Thư viện lưu trữ: Trung tâm Học liệu Trường Đại học Cần Thơ
LEADER 00675nam a2200193Ia 4500
001 CTU_17947
008 210402s9999 xx 000 0 und d
020 |b Harvard-Yenching Institute 
082 |a 016.81080358 
082 |b J39 
100 |a Philip K Jason 
245 4 |a The Vietnam war in literature: An annotated bibliography of criticism 
245 0 |c Philip K Jason 
260 |a Pasadena, California 
260 |b Salem Press 
260 |c 1992 
650 |a american literature - 20th century - history and criticism - bibliography,vietnamese conflict, 1961-1975 - bibliography 
904 |i Minh, 970813 
980 |a Trung tâm Học liệu Trường Đại học Cần Thơ